000 00260nam a2200109Ia 4500
008 201231s9999 xx 000 0 und d
100 _aWilliams, Mickey
245 0 _aEssential Visual C + + 4
260 _aNew Delhi
_bPrentice Hall
300 _a500
942 _cBK
999 _c9666
_d9666